As near as I can get : a novel /

Guardat en:
Dades bibliogràfiques
Autor principal: Ableman, Paul
Format: Llibre
Idioma:English
Publicat: London : N. Spearman, 1962.
LEADER 00770nam a2200217 a 4500
001 c000113189
003 CARM
005 19991214132153.0
008 850718s1962 enk 000 1 eng
019 1 |a 4073081  |z 64951069  |5 LACONCORD2021 
035 |a (OCoLC)6995793  |5 LACONCORD2021 
040 |a LC  |b eng  |c LC 
050 0 0 |a PR6051.B5  |b A9 1962 
082 0 4 |a 823/.914  |2 19 
100 1 |a Ableman, Paul. 
245 1 0 |a As near as I can get :  |b a novel /  |c by Paul Ableman. 
260 |a London :  |b N. Spearman,  |c 1962. 
300 |a 234 p. ;  |c 19 cm. 
852 8 |b CARM  |h A2:AN08A0  |i A02641  |p 0165220  |f BK 
999 f f |i ea4b93fc-fbef-5480-aa03-7a6e87d01ba0  |s b66b8347-7385-5d89-a48e-879b2fc0f648 
952 f f |p Can circulate  |a CAVAL  |b CAVAL  |c CAVAL  |d CARM 1 Store  |e A02641  |f A2:AN08A0  |h Other scheme  |i book  |m 0165220